Enrique Iglesias [ sex and love
| Format: | Book |
|---|---|
| Published: |
s.l. :
Universal Pictures International ,
20-
|
| Subjects: |
MARC
| LEADER | 00000cam a2200000 7i4500 | ||
|---|---|---|---|
| 001 | 0000190861 | ||
| 005 | 20150304.0 | ||
| 090 | 0 | 0 | |a MUZ |b ENR |
| 245 | 0 | 0 | |a Enrique Iglesias [ |h cd music] : |b sex and love |
| 260 | |a s.l. : |b Universal Pictures International , |c 20- | ||
| 300 | |a 1 CD music (45 minutes) | ||
| 500 | |a Library has 1 copy | ||
| 600 | 0 | 0 | |a Iglesias, Enrique |
| 650 | 0 | 0 | |a Songs, English |
| 999 | |a AV 35900 |b CD MUSIC |c PINJAMAN |e PERPUSTAKAAN KOMUNITI PETALING JAYA | ||